| 000 | 00489nam a2200169Ia 4500 | ||
|---|---|---|---|
| 008 | 151213s9999 xx 000 0 und d | ||
| 020 | _a984-320576-6 | ||
| 100 | _aAsiatic Society of Bangladesh | ||
| 245 |
_aNational Encyclopedia of Bangladesh _cAsiatic Society of Bangladesh |
||
| 250 | _a1st | ||
| 260 |
_aDhaka _bAsiatic Society of Bangladesh _c2003 |
||
| 300 | _a5221 p. | ||
| 650 | _aBangla Pedia | ||
| 650 | _aReference | ||
| 700 | _aAsiatic Society of Bangladesh | ||
| 999 |
_c3225 _d3225 |
||